[Event "Titled Tuesday intern op 20th May Late"]
[Site "Chess.com INT"]
[Date "2025.05.20"]
[Round "6"]
[White "Antonio, Jorge Carlos"]
[Black "Munoz, Francisco Javier"]
[Result "0-1"]
[WhiteElo "2277"]
[BlackElo "2389"]
[PlyCount "104"]
[EventDate "2025.05.20"]
[EventType "swiss (blitz)"]
[EventRounds "11"]
[EventCountry "USA"]
[SourceTitle "CB22_2025"]
[SourceDate "2025.05.28"]
[SourceVersion "1"]
[SourceVersionDate "2025.05.28"]
[SourceQuality "1"]

1. d4 d5 2. Nf3 e6 3. Bf4 Nf6 4. e3 c5 5. Be2 Nc6 6. 0-0 Bd6 7. Bxd6 Qxd6 8. dxc5 Qxc5 9. c4 0-0 10. cxd5 exd5 11. Nc3 Bg4 12. Qb3 Rfd8 13. Qxb7 Rab8 14. Qc7 Rdc8 15. Qg3 Rxb2 16. Na4 Qb4 17. Nxb2 Qxb2 18. Rfb1 Qxe2 19. Qf4 Bxf3 20. Qxf3 Qxf3 21. gxf3 Ne5 22. Kg2 h5 23. a4 a5 24. Rb5 Nc4 25. Kg3 g5 26. h4 g4 27. Kf4 Kg7 28. e4 gxf3 29. exd5 Re8 30. Rg1+ Kf8 31. Rg5 Re4+ 32. Kf5 Nd6+ 33. Kxf6 Nxb5 34. axb5 Rxh4 35. d6 Ke8 36. Rc5 Kd7 37. Ke5 f6+ 38. Kd5 Rb4 39. Rc7+ Kd8 40. Kc5 Rb1 41. Ra7 h4 42. b6 h3 43. Rh7 a4 44. Kc6 Rc1+ 45. Kb7 a3 46. Rxh3 a2 47. Rxf3 a1Q 48. Rxf6 Qxf6 49. Ka8 Qxd6 50. b7 Qa6+ 51. Kb8 Rb1 52. f4 Qxb7# 0-1

[Event "Titled Tuesday intern op 01st Apr Early"]
[Site "Chess.com INT"]
[Date "2025.04.01"]
[Round "2"]
[White "Dawda, Vihaan"]
[Black "Antonio, Jorge Carlos"]
[Result "1-0"]
[WhiteElo "2228"]
[BlackElo "2277"]
[PlyCount "55"]
[EventDate "2025.04.01"]
[EventType "swiss (blitz)"]
[EventRounds "11"]
[EventCountry "USA"]
[SourceTitle "CB15_2025"]
[SourceDate "2025.04.09"]
[SourceVersion "1"]
[SourceVersionDate "2025.04.09"]
[SourceQuality "1"]

1. e4 c5 2. Nf3 e6 3. g3 Nc6 4. Bg2 d6 5. 0-0 g6 6. c3 Bg7 7. d4 cxd4 8. cxd4 d5 9. e5 Nge7 10. Nc3 0-0 11. a3 a5 12. Re1 h5 13. Bf1 Nf5 14. Nb5 b6 15. Bg5 Qd7 16. Rc1 Ba6 17. Qd2 Rac8 18. h3 Nb8 19. a4 Nc6 20. g4 hxg4 21. hxg4 Nfe7 22. Bf6 Nb4 23. Qg5 Rxc1 24. Rxc1 Re8 25. Rc7 Bxf6 26. exf6 Qd8 27. Qh6 Bxb5 28. Qg7# 1-0

[Event "Titled Tuesday intern op 04th Feb Early"]
[Site "Chess.com INT"]
[Date "2025.02.04"]
[Round "1"]
[White "Gyenes, Mate"]
[Black "Antonio, Jorge Carlos"]
[Result "1-0"]
[WhiteElo "2235"]
[BlackElo "2277"]
[PlyCount "37"]
[EventDate "2025.02.04"]
[EventType "swiss (blitz)"]
[EventRounds "11"]
[EventCountry "USA"]
[SourceTitle "CB07_2025"]
[SourceDate "2025.02.12"]
[SourceVersion "1"]
[SourceVersionDate "2025.02.12"]
[SourceQuality "1"]

1. e4 c5 2. g3 e6 3. Bg2 Nc6 4. Ne2 g6 5. d4 cxd4 6. Nxd4 Bg7 7. Nb5 Qa5+ 8. N1c3 Bxc3+ 9. Nxc3 Nge7 10. Bh6 d5 11. exd5 Nxd5 12. Bxd5 exd5 13. Qxd5 Be6 14. Qxa5 Nxa5 15. 0-0-0 Ke7 16. Rhe1 Rad8 17. Nd5+ Ke8 18. Nc7+ Ke7 19. Bg5+ 1-0

[Event "Titled Tuesday intern op 21st Jan Late"]
[Site "Chess.com INT"]
[Date "2025.01.21"]
[Round "6"]
[White "Antonio, Jorge Carlos"]
[Black "Willathgamuwa, Kevin"]
[Result "0-1"]
[WhiteElo "2277"]
[BlackElo "2062"]
[PlyCount "104"]
[EventDate "2025.01.21"]
[EventType "swiss (blitz)"]
[EventRounds "11"]
[EventCountry "USA"]
[SourceTitle "CB05_2025"]
[SourceDate "2025.01.29"]
[SourceVersion "1"]
[SourceVersionDate "2025.01.29"]
[SourceQuality "1"]

1. d4 Nf6 2. Nf3 c5 3. dxc5 Qa5+ 4. Bd2 Qxc5 5. Bc3 g6 6. e3 Bg7 7. Nbd2 0-0 8. Bd3 Nc6 9. 0-0 d5 10. Nd4 Re8 11. Nxc6 bxc6 12. Nf3 Bg4 13. Bd4 Qd6 14. Be5 Bxf3 15. Bxd6 Bxd1 16. Bc5 Bg4 17. h3 Bf5 18. Ba6 Nd7 19. Bd4 Rab8 20. Rac1 Bxd4 21. exd4 Rb6 22. Bd3 Rxb2 23. Bxf5 gxf5 24. c4 Rxa2 25. cxd5 cxd5 26. Rc7 Nb6 27. Re1 e6 28. Rb7 Nc4 29. Reb1 a5 30. Rc7 a4 31. Rbb7 Rf8 32. Ra7 a3 33. Rc6 Ra1+ 34. Kh2 Rd1 35. Kg3 Rxd4 36. f4 Rd3+ 37. Kh4 Rd4 38. Kg5 Rd3 39. g4 fxg4 40. hxg4 Kg7 41. Rxe6 a2 42. Rea6 h6+ 43. Kf5 Ne3+ 44. Ke5 Re8+ 45. Kd6 Re6+ 46. Kc7 Rc3+ 47. Kd7 Rxa6 48. Rxa6 Rc2 49. g5 hxg5 50. fxg5 Rb2 51. Kd6 Nc2 52. Kxd5 a1Q 0-1

[Event "Titled Tuesday intern op 21st Jan Late"]
[Site "Chess.com INT"]
[Date "2025.01.21"]
[Round "8"]
[White "Yevchenko, Alexander"]
[Black "Antonio, Jorge Carlos"]
[Result "1-0"]
[WhiteElo "2276"]
[BlackElo "2277"]
[PlyCount "33"]
[EventDate "2025.01.21"]
[EventType "swiss (blitz)"]
[EventRounds "11"]
[EventCountry "USA"]
[SourceTitle "CB05_2025"]
[SourceDate "2025.01.29"]
[SourceVersion "1"]
[SourceVersionDate "2025.01.29"]
[SourceQuality "1"]

1. c4 e5 2. Nc3 Nc6 3. Nf3 d6 4. d4 g6 5. e4 Bg7 6. Be3 Bg4 7. d5 Nce7 8. h3 Bxf3 9. Qxf3 f5 10. exf5 Nxf5 11. Bd3 Nxe3 12. Qxe3 Nf6 13. 0-0 b6 14. f4 Nd7 15. f5 Qe7 16. fxg6 0-0-0 17. Rf7 1-0

[Event "Titled Tuesday intern op 24th Sep Early"]
[Site "Chess.com INT"]
[Date "2024.09.24"]
[Round "8"]
[White "Enkhrii, Enkh Amgalan"]
[Black "Antonio, Jorge Carlos"]
[Result "1-0"]
[WhiteElo "2072"]
[BlackElo "2277"]
[PlyCount "67"]
[EventDate "2024.09.24"]
[EventType "swiss (blitz)"]
[EventRounds "11"]
[EventCountry "USA"]
[SourceTitle "EXT 2025"]
[Source "ChessBase"]
[SourceDate "2024.10.14"]
[SourceVersion "1"]
[SourceVersionDate "2024.10.14"]
[SourceQuality "1"]

1. e4 c5 2. Nf3 e6 3. e5 Nc6 4. Nc3 Qc7 5. Nb5 Qb6 6. c3 a6 7. Na3 Qc7 8. Qe2 b5 9. Nc2 Bb7 10. d3 Nge7 11. Bf4 Ng6 12. Bg3 d5 13. h4 d4 14. h5 Nge7 15. cxd4 cxd4 16. Nfxd4 Nxd4 17. Nxd4 Qb6 18. Nc2 Nf5 19. Bf4 Rd8 20. Be3 Qc7 21. d4 Rc8 22. Rc1 Qa5+ 23. Qd2 Qxa2 24. Bd3 Bxg2 25. Rg1 Nxe3 26. Nxe3 Rxc1+ 27. Qxc1 Qa5+ 28. Ke2 Bb7 29. h6 g6 30. Ng4 Be7 31. Qf4 0-0 32. Nf6+ Bxf6 33. Qxf6 Qc7 34. Qg7# 1-0

[Event "Titled Tuesday intern op 24th Sep Early"]
[Site "Chess.com INT"]
[Date "2024.09.24"]
[Round "7"]
[White "Mihailidis, Anastasios"]
[Black "Antonio, Jorge Carlos"]
[Result "1-0"]
[WhiteElo "2201"]
[BlackElo "2277"]
[PlyCount "125"]
[EventDate "2024.09.24"]
[EventType "swiss (blitz)"]
[EventRounds "11"]
[EventCountry "USA"]
[SourceTitle "EXT 2025"]
[Source "ChessBase"]
[SourceDate "2024.10.14"]
[SourceVersion "1"]
[SourceVersionDate "2024.10.14"]
[SourceQuality "1"]

1. e4 c5 2. Nf3 e6 3. g3 Nc6 4. Bg2 d6 5. 0-0 g6 6. d4 cxd4 7. Nxd4 Bg7 8. Be3 Nge7 9. c4 0-0 10. Nc3 Rb8 11. Rc1 b6 12. Ndb5 d5 13. cxd5 exd5 14. exd5 Ne5 15. Nxa7 Ba6 16. Nab5 Qd7 17. a4 Nc4 18. Bf4 Rbd8 19. Qe2 Na5 20. Rfd1 Nb3 21. Rb1 Nf5 22. Qd3 Rfe8 23. Ne4 Nbd4 24. Nec3 Nb3 25. Qf3 Nc5 26. Nc7 Rf8 27. Nxa6 Nxa6 28. Nb5 Nc5 29. b3 h5 30. d6 Ne6 31. Qc6 Ned4 32. Qxd7 Rxd7 33. Nxd4 Nxd4 34. Bh3 Rdd8 35. Rd3 Ne2+ 36. Kg2 Nxf4+ 37. gxf4 f5 38. d7 Rf7 39. Rbd1 Re7 40. Kg3 Bf6 41. Bf1 Kf8 42. Rd6 h4+ 43. Kf3 Kg7 44. Bb5 g5 45. fxg5 Bxg5 46. R1d5 Rf7 47. Rxb6 Be7 48. Rc6 Bb4 49. Rc8 Rff8 50. Rxd8 Rxd8 51. Rxf5 Kg6 52. Re5 Kf7 53. Re8 Be7 54. Rxd8 Bxd8 55. h3 Ke6 56. Kg4 Kd6 57. f4 Kc5 58. f5 Kb4 59. Kh5 Kxb3 60. Kg6 Kb4 61. f6 Kc5 62. f7 Kd6 63. f8Q+ 1-0

[Event "Titled Tuesday intern op 17th Sep Early"]
[Site "Chess,com INT"]
[Date "2024.09.17"]
[Round "7"]
[White "Firman, Nazar"]
[Black "Antonio, Jorge Carlos"]
[Result "1-0"]
[WhiteElo "2472"]
[BlackElo "2277"]
[PlyCount "59"]
[EventDate "2024.09.17"]
[EventType "swiss (blitz)"]
[EventRounds "11"]
[EventCountry "USA"]
[SourceTitle "EXT 2025"]
[Source "ChessBase"]
[SourceDate "2024.10.14"]
[SourceVersion "1"]
[SourceVersionDate "2024.10.14"]
[SourceQuality "1"]

1. e4 e5 2. Bc4 Qe7 3. Nc3 Qg5 4. Nf3 Qxg2 5. Rg1 Qh3 6. Bxf7+ Kd8 7. Rg3 Qh6 8. d4 Qf6 9. Nxe5 d6 10. Bg5 Qxg5 11. Rxg5 dxe5 12. dxe5+ Bd7 13. e6 Nf6 14. e5 Ng8 15. exd7 Nh6 16. Be6 Nc6 17. Qd5 g6 18. 0-0-0 a5 19. Qb5 Rb8 20. Bd5 Be7 21. Rgg1 Nxe5 22. Rge1 Nhg4 23. Qe2 Bg5+ 24. Kb1 Bf4 25. Ne4 c6 26. Bb3 a4 27. Bxa4 b5 28. Bb3 Nxd7 29. Qxg4 Rb7 30. Nc5 1-0

[Event "Titled Tuesday intern op 10th Sep Early"]
[Site "Chess,com INT"]
[Date "2024.09.10"]
[Round "3"]
[White "Antonio, Jorge Carlos"]
[Black "Tang, Terrence"]
[Result "0-1"]
[WhiteElo "2277"]
[BlackElo "2106"]
[PlyCount "62"]
[EventDate "2024.09.10"]
[EventType "swiss (blitz)"]
[EventRounds "11"]
[EventCountry "USA"]
[SourceTitle "EXT 2025"]
[Source "ChessBase"]
[SourceDate "2024.10.14"]
[SourceVersion "1"]
[SourceVersionDate "2024.10.14"]
[SourceQuality "1"]

1. d4 Nf6 2. Nf3 d5 3. Bf4 c5 4. e3 Nc6 5. c3 Qb6 6. Qb3 c4 7. Qxb6 axb6 8. Nbd2 b5 9. Be2 Bf5 10. 0-0 h6 11. a3 e6 12. Ne5 Nxe5 13. Bxe5 Nd7 14. Bg3 Be7 15. f3 Bg6 16. e4 0-0 17. e5 Nb6 18. f4 Na4 19. Ra2 Nb6 20. Bd1 b4 21. cxb4 Bxb4 22. Nf3 Bd3 23. Rf2 Ba5 24. Be2 Bh7 25. Ra1 Na4 26. Bd1 b5 27. Bc2 Bxc2 28. Rxc2 b4 29. axb4 Bxb4 30. f5 Nb6 31. f6 Rxa1+ 0-1

[Event "Titled Tuesday intern op 10th Sep Early"]
[Site "Chess,com INT"]
[Date "2024.09.10"]
[Round "2"]
[White "Boraso, Alessio"]
[Black "Antonio, Jorge Carlos"]
[Result "1-0"]
[WhiteElo "2243"]
[BlackElo "2277"]
[PlyCount "53"]
[EventDate "2024.09.10"]
[EventType "swiss (blitz)"]
[EventRounds "11"]
[EventCountry "USA"]
[SourceTitle "EXT 2025"]
[Source "ChessBase"]
[SourceDate "2024.10.14"]
[SourceVersion "1"]
[SourceVersionDate "2024.10.14"]
[SourceQuality "1"]

1. g3 d5 2. Bg2 c6 3. Nf3 Bg4 4. 0-0 Bxf3 5. exf3 e5 6. Re1 Nd7 7. d4 f6 8. dxe5 fxe5 9. f4 e4 10. c4 Ngf6 11. Nc3 Bb4 12. Bd2 0-0 13. Nxe4 Nxe4 14. Bxb4 Qb6 15. Bxe4 Qxb4 16. cxd5 cxd5 17. Qxd5+ Rf7 18. Bxh7+ Kf8 19. Bg6 Re7 20. Rxe7 Qxe7 21. Qf5+ Nf6 22. Rc1 Rd8 23. Rc8 Rxc8 24. Qxc8+ Ne8 25. Qxe8+ Qxe8 26. Bxe8 Kxe8 27. f3 1-0

[Event "Titled Tuesday intern op 10th Sep Early"]
[Site "Chess,com INT"]
[Date "2024.09.10"]
[Round "4"]
[White "Tsyhanchuk, Stanislav"]
[Black "Antonio, Jorge Carlos"]
[Result "0-1"]
[WhiteElo "2273"]
[BlackElo "2277"]
[PlyCount "64"]
[EventDate "2024.09.10"]
[EventType "swiss (blitz)"]
[EventRounds "11"]
[EventCountry "USA"]
[SourceTitle "EXT 2025"]
[Source "ChessBase"]
[SourceDate "2024.10.14"]
[SourceVersion "1"]
[SourceVersionDate "2024.10.14"]
[SourceQuality "1"]

1. d4 d5 2. c4 c6 3. Nf3 dxc4 4. e3 b5 5. a4 e6 6. axb5 cxb5 7. b3 Nf6 8. bxc4 bxc4 9. Bxc4 Bd6 10. 0-0 0-0 11. Nc3 a5 12. Nb5 Bb4 13. Bd2 Nc6 14. Ne5 Nxe5 15. Bxb4 Nxc4 16. Bxf8 Kxf8 17. Qc2 Nd6 18. Qc6 Ra6 19. Qc7 Qxc7 20. Nxc7 Ra7 21. Rfc1 Bd7 22. Rc5 a4 23. d5 Nfe4 24. Rc2 exd5 25. Nxd5 Be6 26. Nc3 Nxc3 27. Rxc3 Nc4 28. e4 a3 29. f4 g6 30. h3 f5 31. exf5 gxf5 32. Kf2 Kf7 0-1

[Event "Titled Tuesday intern op 03rd Sep Early"]
[Site "Chess.com INT"]
[Date "2024.09.03"]
[Round "2"]
[White "Antonio, Jorge Carlos"]
[Black "Sreyas, Payyappat"]
[Result "0-1"]
[WhiteElo "2277"]
[BlackElo "2084"]
[PlyCount "138"]
[EventDate "2024.09.03"]
[EventType "swiss (blitz)"]
[EventRounds "11"]
[EventCountry "USA"]
[SourceTitle "EXT 2025"]
[Source "ChessBase"]
[SourceDate "2024.10.14"]
[SourceVersion "1"]
[SourceVersionDate "2024.10.14"]
[SourceQuality "1"]

1. d4 Nf6 2. Nf3 c5 3. e3 e6 4. c3 cxd4 5. exd4 Nc6 6. Bd3 d5 7. Bf4 Bd6 8. Bxd6 Qxd6 9. 0-0 0-0 10. Qe2 Re8 11. Ne5 Qc7 12. Nd2 a6 13. a3 b5 14. Ndf3 Bb7 15. Ng5 Nxe5 16. dxe5 Ne4 17. Nxe4 dxe4 18. Bxe4 Bxe4 19. Qxe4 Rad8 20. Rad1 Qc5 21. Rxd8 Rxd8 22. Re1 g6 23. h4 h5 24. g3 Rd2 25. Re2 Rd1+ 26. Kg2 Kg7 27. Qf4 a5 28. Qf6+ Kg8 29. Qf3 Qc4 30. Qe4 Qb3 31. Qc2 Qd5+ 32. Qe4 Qa2 33. Qa8+ Kg7 34. Qxa5 Qd5+ 35. f3 Rd3 36. Rf2 Qxe5 37. Qb4 Qe1 38. Qe4 Re3 39. Qd4+ e5 40. Qd2 Qxd2 41. Rxd2 Re1 42. Kf2 Rb1 43. Ke3 Kf6 44. Ke4 Ke6 45. f4 f5+ 46. Ke3 e4 47. Kd4 Rg1 48. Kc5 Rxg3 49. Kxb5 e3 50. Re2 Kd5 51. a4 Ke4 52. a5 Rg1 53. b4 Kf3 54. Ra2 e2 55. Rxe2 Kxe2 56. Kb6 g5 57. fxg5 f4 58. a6 f3 59. a7 Ra1 60. b5 f2 61. Kb7 f1Q 62. b6 Qf3+ 63. Kc7 Qf7+ 64. Kc6 Qe8+ 65. Kb7 Qd7+ 66. Kb8 Qd8+ 67. Kb7 Rb1 68. a8Q Rxb6+ 69. Ka7 Qc7+ 0-1

[Event "Titled Tuesday intern op 27th Aug Early"]
[Site "Chess.com INT"]
[Date "2024.08.27"]
[Round "5"]
[White "Alfaro Caracas, William"]
[Black "Antonio, Jorge Carlos"]
[Result "1-0"]
[WhiteElo "2137"]
[BlackElo "2277"]
[PlyCount "105"]
[EventDate "2024.08.27"]
[EventType "swiss (blitz)"]
[EventRounds "11"]
[EventCountry "USA"]
[SourceTitle "EXT 2025"]
[Source "ChessBase"]
[SourceDate "2024.10.14"]
[SourceVersion "1"]
[SourceVersionDate "2024.10.14"]
[SourceQuality "1"]

1. e4 c5 2. a3 e6 3. b4 Nc6 4. bxc5 Bxc5 5. c3 e5 6. Nf3 d5 7. d4 exd4 8. cxd4 dxe4 9. dxc5 Qxd1+ 10. Kxd1 exf3 11. gxf3 Nge7 12. Be3 0-0 13. Nc3 Be6 14. Rb1 Rfd8+ 15. Kc2 b6 16. Ba6 Bf5+ 17. Ne4 Ne5 18. Be2 Rac8 19. Rhd1 Rxc5+ 20. Bxc5 Bxe4+ 21. fxe4 Rc8 22. Rd8+ Rxd8 23. Bxe7 Re8 24. Bb4 Nc6 25. Bc3 Rxe4 26. Bf3 Nd4+ 27. Bxd4 Rxd4 28. Rd1 Rc4+ 29. Kb3 Rc8 30. Rd7 a5 31. Bd5 g6 32. Rxf7 Kh8 33. Rd7 b5 34. f3 b4 35. axb4 axb4 36. Kxb4 Rc2 37. h3 Rh2 38. Be6 Rf2 39. Rd3 Kg7 40. Kc5 Kf6 41. Bd7 Rc2+ 42. Kd4 Rc1 43. Ke3 Re1+ 44. Kf2 Re7 45. Kg3 h5 46. h4 Kg7 47. Bh3 Kh6 48. Rd7 Re1 49. Bg2 Ra1 50. Rd6 Ra4 51. f4 Ra3+ 52. Bf3 Ra4 53. f5 1-0

[Event "Titled Tuesday intern op 27th Aug Early"]
[Site "Chess.com INT"]
[Date "2024.08.27"]
[Round "4"]
[White "Antonio, Jorge Carlos"]
[Black "Carre, Sylvain"]
[Result "0-1"]
[WhiteElo "2277"]
[BlackElo "2071"]
[PlyCount "138"]
[EventDate "2024.08.27"]
[EventType "swiss (blitz)"]
[EventRounds "11"]
[EventCountry "USA"]
[SourceTitle "EXT 2025"]
[Source "ChessBase"]
[SourceDate "2024.10.14"]
[SourceVersion "1"]
[SourceVersionDate "2024.10.14"]
[SourceQuality "1"]

1. d4 d5 2. Nf3 Nf6 3. Bf4 c5 4. e3 Nc6 5. c3 Qb6 6. Qb3 c4 7. Qxb6 axb6 8. Nbd2 b5 9. Be2 h6 10. 0-0 Bf5 11. a3 e6 12. Ne5 Nxe5 13. Bxe5 Kd7 14. Bxf6 gxf6 15. Bf3 Bd3 16. Rfe1 f5 17. Bh5 Ke7 18. Be2 Bxe2 19. Rxe2 h5 20. f3 h4 21. e4 fxe4 22. fxe4 Bh6 23. exd5 Bxd2 24. Rxd2 exd5 25. Re1+ Kd6 26. Rf2 Raf8 27. h3 Rh6 28. Re5 Re6 29. Ref5 f6 30. Rh5 Re4 31. Rff5 Rg8 32. Rxd5+ Kc6 33. Rc5+ Kb6 34. Rxb5+ Ka7 35. Rh7 Re2 36. Rhxb7+ Ka8 37. g4 hxg3 38. R7b6 Ka7 39. Rb7+ Ka8 40. R7b6 Ka7 41. Rxf6 g2 42. Ra5+ Kb7 43. Rb5+ Kc7 44. Rc5+ Kd7 45. Rd5+ Kc7 46. Rc5+ Kb7 47. Rb5+ Ka7 48. Re5 Rxb2 49. Re1 Rb3 50. Rf2 Rxc3 51. Rxg2 Rxg2+ 52. Kxg2 Rxa3 53. h4 Rd3 54. Rc1 Rxd4 55. Kg3 Kb6 56. h5 Kb5 57. Rh1 Kb4 58. h6 Rd8 59. h7 Rh8 60. Kf3 c3 61. Ke3 Kb3 62. Kd3 Rd8+ 63. Ke2 c2 64. Rh3+ Kb2 65. Rd3 Rh8 66. Rd2 Rxh7 67. Kd3 Rd7+ 68. Ke2 Rxd2+ 69. Kxd2 c1Q+ 0-1

[Event "Titled Tuesday intern op 27th Aug Early"]
[Site "Chess.com INT"]
[Date "2024.08.27"]
[Round "10"]
[White "Antonio, Jorge Carlos"]
[Black "Martin, Lewis"]
[Result "0-1"]
[WhiteElo "2277"]
[BlackElo "2053"]
[PlyCount "108"]
[EventDate "2024.08.27"]
[EventType "swiss (blitz)"]
[EventRounds "11"]
[EventCountry "USA"]
[SourceTitle "EXT 2025"]
[Source "ChessBase"]
[SourceDate "2024.10.14"]
[SourceVersion "1"]
[SourceVersionDate "2024.10.14"]
[SourceQuality "1"]

1. d4 d5 2. Nf3 Nf6 3. Bf4 c5 4. e3 Nc6 5. c3 Bg4 6. Bd3 e6 7. Nbd2 Be7 8. Qa4 0-0 9. Ne5 Nxe5 10. dxe5 Nd7 11. Qc2 g6 12. h3 Bf5 13. Bxf5 gxf5 14. Nf3 f6 15. g3 fxe5 16. Nxe5 Nxe5 17. Bxe5 Bf6 18. Bxf6 Qxf6 19. 0-0-0 b5 20. f4 b4 21. Rdg1 bxc3 22. Qxc3 d4 23. exd4 cxd4 24. Qd3 e5 25. fxe5 Qxe5 26. Rd1 Rfd8 27. Rhf1 Rd5 28. Rf4 Rc8+ 29. Kb1 Kg7 30. Rxd4 Rxd4 31. Qxd4 Qxd4 32. Rxd4 Rc7 33. a4 Kf6 34. g4 Ke5 35. Rd8 f4 36. Re8+ Kd4 37. Rf8 Ke3 38. Re8+ Kf3 39. g5 Kg3 40. Rf8 f3 41. h4 f2 42. h5 Kg2 43. b4 f1Q+ 44. Rxf1 Kxf1 45. Kb2 Rg7 46. g6 hxg6 47. hxg6 Rxg6 48. Kb3 Ke2 49. b5 Kd3 50. Kb4 Kd4 51. a5 Kd5 52. b6 axb6 53. axb6 Rxb6+ 54. Ka5 Rb8 0-1

[Event "Titled Tuesday intern op 27th Aug Early"]
[Site "Chess.com INT"]
[Date "2024.08.27"]
[Round "11"]
[White "Antonio, Jorge Carlos"]
[Black "Vusatiuk, Vladimir"]
[Result "1-0"]
[WhiteElo "2277"]
[BlackElo "2289"]
[PlyCount "52"]
[EventDate "2024.08.27"]
[EventType "swiss (blitz)"]
[EventRounds "11"]
[EventCountry "USA"]
[SourceTitle "EXT 2025"]
[Source "ChessBase"]
[SourceDate "2024.10.14"]
[SourceVersion "1"]
[SourceVersionDate "2024.10.14"]
[SourceQuality "1"]

1. e4 c5 2. c3 Nf6 3. Bd3 d6 4. Bc2 Nc6 5. d4 cxd4 6. cxd4 g6 7. Nc3 Bg7 8. Nf3 0-0 9. 0-0 Bg4 10. Be3 Nd7 11. h3 Bxf3 12. gxf3 Nb6 13. a3 Qd7 14. Qd2 Nc4 15. Qd3 Nxe3 16. fxe3 Qxh3 17. Qd2 Bh6 18. Rae1 Qg3+ 19. Qg2 Qxg2+ 20. Kxg2 a6 21. Nd5 Bg7 22. Rc1 Rac8 23. Ba4 Rc7 24. Nxc7 Rc8 25. Nd5 e6 26. Nb4 Ne7 1-0

[Event "Titled Tuesday intern op 20th Aug Late"]
[Site "Chess.com INT"]
[Date "2024.08.20"]
[Round "2"]
[White "Antonio, Jorge Carlos"]
[Black "Aalto, Patrik"]
[Result "0-1"]
[WhiteElo "2277"]
[BlackElo "2282"]
[PlyCount "60"]
[EventDate "2024.08.20"]
[EventType "swiss (blitz)"]
[EventRounds "11"]
[EventCountry "USA"]
[SourceTitle "EXT 2025"]
[Source "ChessBase"]
[SourceDate "2024.10.14"]
[SourceVersion "1"]
[SourceVersionDate "2024.10.14"]
[SourceQuality "1"]

1. d4 Nf6 2. Nf3 e6 3. Bf4 c5 4. e3 Nd5 5. Bg3 Qb6 6. b3 cxd4 7. exd4 Bb4+ 8. Nfd2 Qxd4 9. Bd3 Qxa1 10. 0-0 Qf6 11. Ne4 Qe7 12. a3 f5 13. axb4 fxe4 14. Bxe4 0-0 15. Qe1 Nf6 16. Bf3 Nc6 17. b5 Nd4 18. Bd1 Nxb5 19. c4 Nd4 20. Be5 Nc6 21. Bb2 d5 22. Qc3 d4 23. Qd3 e5 24. Re1 e4 25. Qd2 Bg4 26. Bxd4 Bxd1 27. Rxd1 Rad8 28. Qc3 Nxd4 29. Rxd4 Rxd4 30. Qxd4 Rd8 0-1

[Event "Titled Tuesday intern op 20th Aug Late"]
[Site "Chess.com INT"]
[Date "2024.08.20"]
[Round "6"]
[White "Antonio, Jorge Carlos"]
[Black "Golubovskis, Maksims"]
[Result "1-0"]
[WhiteElo "2277"]
[BlackElo "2176"]
[PlyCount "83"]
[EventDate "2024.08.20"]
[EventType "swiss (blitz)"]
[EventRounds "11"]
[EventCountry "USA"]
[SourceTitle "EXT 2025"]
[Source "ChessBase"]
[SourceDate "2024.10.14"]
[SourceVersion "1"]
[SourceVersionDate "2024.10.14"]
[SourceQuality "1"]

1. e4 g6 2. d4 Bg7 3. Nf3 d6 4. c4 Nf6 5. Nc3 0-0 6. Be2 c6 7. 0-0 Qc7 8. Be3 a5 9. h3 Nbd7 10. Qc2 b6 11. d5 c5 12. Rad1 Ba6 13. b3 Rad8 14. Nd2 Rfe8 15. Bd3 e6 16. Rfe1 exd5 17. cxd5 Bxd3 18. Qxd3 Ne5 19. Qf1 Nh5 20. f4 Nd7 21. Nb5 Qb8 22. Qf3 Nhf6 23. a4 h5 24. Bf2 Nf8 25. Nc4 N8h7 26. Bh4 g5 27. fxg5 Nd7 28. Qxh5 Ne5 29. Ne3 Ng6 30. Nf5 Be5 31. Nh6+ Kg7 32. Rf1 Rd7 33. Rf3 Qd8 34. Rdf1 Rf8 35. Rxf7+ Rdxf7 36. Nxf7 Rxf7 37. Rxf7+ Kxf7 38. Qxh7+ Bg7 39. Bg3 Qxg5 40. Nxd6+ Kf8 41. Nf5 Bd4+ 42. Kh2 1-0

[Event "Titled Tuesday intern op 20th Aug Late"]
[Site "Chess.com INT"]
[Date "2024.08.20"]
[Round "1"]
[White "Hansen, Torbjorn Ringdal"]
[Black "Antonio, Jorge Carlos"]
[Result "1-0"]
[WhiteElo "2415"]
[BlackElo "2277"]
[PlyCount "77"]
[EventDate "2024.08.20"]
[EventType "swiss (blitz)"]
[EventRounds "11"]
[EventCountry "USA"]
[SourceTitle "EXT 2025"]
[Source "ChessBase"]
[SourceDate "2024.10.14"]
[SourceVersion "1"]
[SourceVersionDate "2024.10.14"]
[SourceQuality "1"]

1. e4 e5 2. Nf3 Nc6 3. Bb5 f5 4. d3 fxe4 5. dxe4 Nf6 6. 0-0 Bc5 7. Qd3 Nd4 8. Nxd4 Bxd4 9. Nd2 c6 10. Bc4 d6 11. Nf3 Bb6 12. Bg5 Qe7 13. Rad1 Bg4 14. Qxd6 Qxd6 15. Rxd6 Nxe4 16. Nxe5 Nxd6 17. Nxg4 Nxc4 18. Re1+ Kd7 19. Re7+ Kd6 20. Rxg7 Rhe8 21. Bf4+ Kd5 22. Nf6+ Kc5 23. Nxe8 Rxe8 24. h4 Nxb2 25. Rxh7 Re1+ 26. Kh2 Re2 27. h5 Kb5 28. f3 Nc4 29. h6 Nd2 30. Rxb7 Nxf3+ 31. Kg3 Nd4 32. h7 Nf5+ 33. Kg4 Re8 34. Kxf5 Ka6 35. Re7 Rh8 36. Be5 Rf8+ 37. Ke4 Bc5 38. Rd7 Re8 39. h8Q 1-0

[Event "Titled Tuesday intern op 13th Aug Late"]
[Site "Chess.com INT"]
[Date "2024.08.13"]
[Round "4"]
[White "Antonio, Jorge Carlos"]
[Black "Hirneise, Jens"]
[Result "0-1"]
[WhiteElo "2277"]
[BlackElo "2299"]
[PlyCount "74"]
[EventDate "2024.08.13"]
[EventType "swiss (blitz)"]
[EventRounds "11"]
[EventCountry "USA"]
[SourceTitle "EXT 2025"]
[Source "ChessBase"]
[SourceDate "2024.10.14"]
[SourceVersion "1"]
[SourceVersionDate "2024.10.14"]
[SourceQuality "1"]

1. d4 d5 2. Nf3 g6 3. h4 h5 4. Bg5 Bg7 5. e3 Nf6 6. Bxf6 exf6 7. c4 c6 8. Nc3 0-0 9. Qb3 dxc4 10. Bxc4 b5 11. Bd3 Be6 12. Qc2 a6 13. Ne4 Nd7 14. b4 Qe7 15. a3 a5 16. Nc5 axb4 17. Nxe6 Qxe6 18. 0-0 Rxa3 19. Rac1 Rc3 20. Qd2 Qb3 21. Rb1 Qa3 22. Ra1 Rxd3 23. Rxa3 Rxd2 24. Ra7 Rc2 25. Rxd7 b3 26. Ne1 Rc3 27. Rb7 b2 28. Nf3 Rc1 29. Nd2 Ra8 30. d5 Raa1 31. dxc6 Rxf1+ 32. Nxf1 b1Q 33. c7 Qxf1+ 34. Kh2 Rc1 35. Rb8+ Kh7 36. c8Q Rxc8 37. Rxc8 Qxf2 0-1